000 00671nam a2200205 u 4500
005 20240514063717.0
008 080527s2006 es r 000 0 spa d
020 _a1405464925
035 _aUPN01000156395
049 _aI
050 4 _aPZ71
_bR3.9
100 1 _aRandall, Ronne
245 1 1 _a¡Ya soy hermana mayor! /
_cRonne Randall ; il. Kristina Stephenson ; tr. Xavier Sales Roselló
260 _aBarcelona, Esp. :
_bParragon,
_c2006.
300 _a[25] p. :
_bprincipalmente il. col.
650 4 _aLibros y lectura para niños
_92290
650 4 _aHermanos y hermanas
_vLiteratura infantil
_98964
700 1 _aStephenson, Kristina,
_eil.
905 _aInfantil
999 _c128509
_d128509